[Event "Olympiad-41"]
[Site "Tromsoe"]
[Date "2014.08.10"]
[Round "8.3"]
[White "Edouard, Romain"]
[Black "Duda, Jan Krzysztof"]
[Result "1/2-1/2"]
[WhiteElo "2680"]
[BlackElo "2576"]
[Annotator "Edouard,R"]
[PlyCount "80"]
[EventDate "2014.08.02"]
[EventType "team-swiss"]
[EventRounds "11"]
[EventCountry "NOR"]
[SourceTitle "CBM 162"]
[Source "ChessBase"]
[SourceDate "2014.09.17"]
[SourceVersion "1"]
[SourceVersionDate "2014.09.17"]
[SourceQuality "1"]
[WhiteTeam "France"]
[BlackTeam "Poland"]
[WhiteTeamCountry "FRA"]
[BlackTeamCountry "POL"]

1. e4 c5 2. Nf3 d6 3. d4 cxd4 4. Nxd4 Nf6 5. Nc3 a6 6. Be3 e5 7. Nb3 Be6 8. h3
$5 {This line is getting more and more popular. The main ideas are to push
g4-g5 and consider h3 less weaknessing than f3, and push f4 at once, sooner or
later.} Be7 $5 ({After} 8... Nbd7 {the right move is} 9. Qd2 $1 {after which
for example} b5 10. O-O-O b4 11. Nd5 Nxe4 12. Qxb4 {would be pretty good for
White.}) 9. f4 ({Now} 9. Qd2 {is too slow as it allows ideas like} O-O 10.
O-O-O a5 $5 {with the idea} 11. a4 Na6 {which is a better version for Black
than the very same position with f3 instead of f3, as here White needs a solid
centre.}) (9. Qf3 {has also been tried but recently Gelfand showed the way for
Black:} O-O 10. O-O-O b5 11. g4 b4 12. Nd5 Nxd5 13. exd5 Bc8 14. Bd3 a5 $13 {
1/2-1/2 (26) Zhigalko,S (2678)-Gelfand,B (2753) Tromso NOR 2014}) 9... exf4 10.
Bxf4 Nc6 $5 {An interesting move order.} (10... O-O {allows White to go} 11.
Qf3 {as after} Nc6 12. O-O-O {Black cannot go ...Ne5 at once.}) 11. Qe2 (11.
Qf3 $6 Ne5 $15) 11... Nd7 12. O-O-O Nce5 13. Kb1 O-O 14. Nd4 Rc8 15. Qe3 Qc7 $6
(15... Re8 {should bre critical:} 16. g4 Qa5 17. a3 b5 {1/2-1/2 (86) Fier
Takeda,A (2572)-Wojtaszek,R (2711) SUI 2014}) 16. Nf5 Bxf5 17. exf5 b5 18. Qf2
Nb6 (18... Nf6 19. g4 b4 20. Nd5 Nxd5 21. Rxd5 $14) 19. Be3 $6 {A very
tempting move, forcing my opponent to retreat with an important piece, but
actually after that Black is more or less fine.} (19. g4 b4 20. Ne4 {would be
good for White.} (20. Nd5 Nxd5 21. Rxd5 $14)) 19... Ned7 20. Bd3 Bf6 21. Ne4 (
21. Bd4 $142 Bxd4 22. Qxd4 Rfe8 $13) 21... Be5 $5 (21... Bxb2 $5 22. Kxb2 d5
23. Ng5 Qc3+ {is a draw, as the move} 24. Kc1 $2 {which I had planned is just
bad due to} Qa3+ 25. Kd2 Nc4+ 26. Bxc4 Rxc4 $17) 22. f6 g6 23. Rhf1 ({After} 
23. Qh4 Na4 $5 {it seems my attack would just be too slow.} (23... d5 24. Ng5
Nxf6 25. Rhf1 Nbd7 $13)) 23... d5 24. Ng5 Bxf6 $2 {I considered this move to
be the only way for Black, but actually the engine just laughs at my attack
and doesn't go for that worse ending.} (24... Nc4 25. Bd4 (25. Qh4 h5 $132)
25... Qd6 $132) 25. Bxb6 $6 ({My initial idea} 25. Nxh7 $1 {was stronger:} Kxh7
26. Bxb6 Qe5 (26... Qxb6 27. Qxb6 Nxb6 28. Rxf6 Rb8 29. Rdf1 Kg7 30. Kc1 $16)
27. c3 Nxb6 28. Rde1 $1 Qd6 29. Qxf6 Qxf6 30. Rxf6 $16) 25... Qe5 26. Bd4 Qxd4
27. Qxd4 Bxd4 28. Bf5 $2 {Missing my opponent's 29th move.} (28. Bxb5 axb5 (
28... Bxb2 $4 29. Bxd7 Rb8 30. c3 $18) 29. Rxd4 $14) 28... gxf5 29. Rxd4 Rfe8
$1 {Forcing a draw.} 30. Rxd5 (30. Rd2 Nf6 $132) 30... Re2 $1 31. Rxd7 Rcxc2
32. Nxf7 (32. Nf3 Rxb2+ 33. Kc1 Rxa2 34. Rd2 Rxg2 $11) 32... Rxb2+ 33. Ka1
Rxa2+ 34. Kb1 Reb2+ 35. Kc1 Rxg2 36. Nh6+ Kf8 37. Kb1 Rgb2+ 38. Kc1 Rg2 39. Kb1
Rgb2+ 40. Kc1 Rg2 1/2-1/2

[Event "Hoogovens-B"]
[Site "Wijk aan Zee"]
[Date "1997.01.30"]
[Round "8"]
[White "Nijboer, Friso"]
[Black "Kalinin, Alexander"]
[Result "1-0"]
[WhiteElo "2555"]
[BlackElo "2425"]
[Annotator "Endgame-CD"]
[PlyCount "231"]
[EventDate "1997.01.21"]
[EventType "tourn"]
[EventRounds "11"]
[EventCountry "NED"]
[EventCategory "10"]
[SourceTitle "CBM 057"]
[Source "ChessBase"]
[SourceDate "1997.04.01"]
[SourceVersion "1"]
[SourceVersionDate "1997.04.01"]
[SourceQuality "1"]

1. e4 c5 2. Nf3 d6 3. d4 cxd4 4. Nxd4 Nf6 5. Nc3 a6 6. a4 e5 7. Nde2 Be7 8. h3
O-O 9. g4 Be6 10. Bg2 Nbd7 11. Ng3 Ne8 12. Nf5 Bg5 13. Bxg5 Qxg5 14. Nxd6 Nxd6
15. Qxd6 Rfd8 16. Qd2 Qh4 17. Qe3 Nf8 18. Nd5 Ng6 19. O-O-O Bxd5 20. exd5 Qe7
21. Rhe1 Qd6 22. Kb1 Rac8 23. Be4 Ne7 24. Bh1 Ng6 25. h4 Re8 26. Be4 Nf4 27.
Qb3 b6 28. Bf3 Re7 29. Re3 Rec7 30. Rde1 f6 31. c3 Kh8 32. g5 Re8 33. Be4 f5
34. Bxf5 Ng2 35. Be6 Nxe1 36. Rxe1 Rf8 37. Qc2 Rc4 38. h5 Rcf4 39. Re2 b5 40.
axb5 axb5 41. h6 gxh6 42. gxh6 R8f6 43. Qb3 Rxh6 44. Re1 Qc5 45. Rd1 Rfh4 46.
d6 Rh1 47. d7 Qd6 48. Kc1 Rxe6 49. Rxh1 Qxd7 50. Qb4 Re8 51. Qe4 Qf7 52. Kb1
Re6 53. Rg1 Re8 54. f3 Qf6 55. Re1 Qg6 56. Qxg6 hxg6 57. Kc2 Kg7 58. Kd3 Kf6
59. Ra1 Kf5 60. Ke3 Rh8 61. Ra5 Rb8 62. Ra7 Rb6 63. Ra8 Rc6 64. Rf8+ Ke6 65.
Rb8 Rc5 66. Ke4 Rc4+ 67. Kd3 Rc5 68. b4 Rc4 69. Rxb5 Rf4 70. Ke3 g5 71. Rb6+
Kd5 72. Rb5+ Kd6 73. Rc5 Rh4 74. Rc8 Kd7 75. Rg8 Rc4 76. Kd3 Rf4 77. Ke2 Rc4
78. Rxg5 Rxc3 79. Rxe5 Rb3 80. Re4 Kd6 81. Kf2 Rb1 82. Kg3 Kd5 83. Kf4 Rb3 84.
Kg4 Rb1 85. Rf4 Ke6 86. Rc4 Kd5 87. Rc5+ Kd6 88. Rc4 Kd5 89. Rf4 Ke6 90. Kg5
Rb3 91. Re4+ Kd5 92. Kg4 Rb1 93. Re2 Rxb4+ $18 94. f4 Rb8 95. f5 $8 Rg8+ 96.
Kh5 Kd6 97. f6 Rg1 98. f7 Rf1 99. Kg6 Kd7 100. Re8 Rg1+ 101. Kh5 Rh1+ 102. Kg4
Rg1+ 103. Kh3 Rf1 104. f8=Q Rxf8 105. Rxf8 {Beispiele mit elementaren
Mattführungen auf so hohem Niveau sind rar gesät. Aber mit der Endspiel-CD
können wir jeden Zug genauestens auf seine Güte hin überprüfen.} Ke7 106. Rf5
Ke6 107. Kg4 Kd6 108. Kf4 Ke6 109. Ke4 ({Hier wäre} 109. Re5+ {eine
klitzekleine Idee akurater gewesen.}) 109... Kd6 110. Re5 Kc6 111. Rd5 Kc7 112.
Kd4 Kc6 113. Kc4 Kb6 114. Rc5 Kb7 ({Viel zäher (um zwei Züge) ist} 114... Ka6)
115. Kb5 Kb8 116. Kb6 1-0

[Event "POL-ch 53rd"]
[Site "Brzeg Dolny"]
[Date "1996.??.??"]
[Round "7"]
[White "Grabarczyk, Bogdan"]
[Black "Kuczynski, Robert"]
[Result "1-0"]
[WhiteElo "2420"]
[BlackElo "2495"]
[Annotator "Endgame-CD"]
[PlyCount "111"]
[EventDate "1996.03.09"]
[EventType "tourn"]
[EventRounds "15"]
[EventCountry "POL"]
[EventCategory "9"]
[SourceTitle "CBM 053"]
[Source "ChessBase"]
[SourceDate "1996.08.01"]
[SourceVersion "1"]
[SourceVersionDate "1996.08.01"]
[SourceQuality "1"]

1. e4 c5 2. Nf3 d6 3. d4 cxd4 4. Nxd4 Nf6 5. Nc3 a6 6. Be3 e5 7. Nb3 Be6 8. Qd2
Nbd7 9. f3 b5 10. g4 Nb6 11. g5 Nfd7 12. Nd5 Bxd5 13. exd5 Qc7 14. h4 Rc8 15.
Rh2 Be7 16. O-O-O Nc4 17. Bxc4 bxc4 18. Na5 c3 19. Qxc3 Qxc3 20. bxc3 Bd8 21.
Nc6 Bb6 22. Re2 Bxe3+ 23. Rxe3 Nb6 24. c4 Nxc4 25. Rb3 Kd7 26. Re1 Rxc6 27.
dxc6+ Kxc6 28. f4 h6 29. Rc3 d5 30. fxe5 hxg5 31. hxg5 Re8 32. g6 fxg6 33. e6
Kd6 34. Rg3 Ne5 35. Ra3 a5 36. Rxa5 Kxe6 37. Kd1 Rb8 38. a4 Rb1+ 39. Kd2 Rb4
40. Ra8 Kd6 41. Ra6+ Nc6 42. Rg1 Kc5 43. Rxg6 Ne5 44. Rxg7 Rh4 45. Rc7+ Kb4 46.
Rb6+ Ka3 47. Rb3+ Ka2 48. Rb5 Rd4+ 49. Kc3 Rd1 50. Rb2+ Ka3 51. Rb3+ Ka2 52. a5
d4+ 53. Kb4 d3 54. cxd3 Nxd3+ 55. Rxd3 Rxd3 56. a6 $18 (56. a6 Rb3+ 57. Ka5
Ra3+ 58. Kb6 Rb3+ 59. Kc6 Ra3 60. a7 Ka1 61. Kb7 Rb3+ 62. Kc8 Ra3 63. Kb8 Rb3+
64. Rb7 $19) 1-0

[Event "Reykjavik op 21st"]
[Site "Reykjavik"]
[Date "2004.03.10"]
[Round "4"]
[White "Erenburg, Sergey"]
[Black "Nakamura, Hikaru"]
[Result "1-0"]
[WhiteElo "2520"]
[BlackElo "2570"]
[Annotator "Erenburg,S"]
[PlyCount "123"]
[EventDate "2004.03.07"]
[EventType "swiss"]
[EventRounds "9"]
[EventCountry "ISL"]
[SourceTitle "CBM 099 Extra"]
[Source "ChessBase"]
[SourceDate "2004.05.04"]
[SourceVersion "1"]
[SourceVersionDate "2004.05.04"]
[SourceQuality "1"]

1. e4 c5 2. Nf3 d6 3. d4 cxd4 4. Nxd4 Nf6 5. Nc3 a6 6. f3 (6. Be3 {is another
theoretical line.}) 6... e5 (6... e6 {transforms ro Scheveningen.}) 7. Nb3 Be6
8. Be3 Nbd7 9. Qd2 h5 $5 {preventing from white to develop an initiative on
the kingside with g2-g4.} (9... b5 {is more popular option.}) 10. a4 {On the
other flank, white prevents from black to carry out b7-b5. This move is
responsible decision, as after 10.a4 white cannot castle long...} (10. O-O-O {
1-0 Apicella,M-Guidarelli,L/Aix les Bains 2003/CBM 97/[Atlas,V] (45)}) 10...
Be7 {Nakamura has already played this position. But now he prefers 10...Be7 to
10...Rc8.} (10... Rc8 {1/2-1/2 Schmaltz,R-Nakamura,H/Bermuda 2003/CBM 94/
[Hecht] (88)}) 11. Be2 {Before playing 11.Be2 I spent quite much time to
choose between the move in the game and the following continuation:} (11. a5 {
1-0 Grischuk,A-Zhang Zhong/Shanghai 2001/CBM 85/[Ftacnik] (38)}) 11... g6 {
Black doesn't want to castle now, due to "h" pawn, which compromises black's
kingside... He intends to solve the problem of his monarch, transfering it to
g7. As for rook, it will be used in the attack on the white king along "h"
file. Black tried also} (11... Rc8 {1-0 Polgar,J-Sadvakasov,D/Hoogeveen 1999/
CBM 74/[Ftacnik] (54)}) (11... Nb6 {1-0 Morozevich,A-Van Wely,L/Pamplona 1999/
CBM 69/[Atlas,V] (51)}) 12. a5 {fixing black's queenside pawns.} h4 13. O-O Kf8
14. Nd5 $5 {In this way, white is going to get a pair of bishops, and, at the
same time, he will get pawn majority on the queenside.} Bxd5 15. exd5 Rc8 16.
c4 {Now white starts to develop the initiative on the queenside.} ({Deserved
attention} 16. f4 {If now} e4 {then after} 17. c4 Kg7 18. Bd4 {White's
prospects would be better than in the game.}) 16... Kg7 (16... Nh5 17. Rfd1 Kg7
18. c5 {1/2-1/2 Nijboer,F-Sadler,M/Arnhem 1999/CBM 71/[Atlas,V] (113)}) 17.
Rac1 Nh5 18. Rfd1 {[%cal Gc4c5] Now white is ready for c4-c5 breakthrough.} Nf4
$5 ({After} 18... f5 {white succeeds to develop serious initiative on the
queenside.} 19. c5 $1 dxc5 20. d6 Bf6 21. Nxc5 $16 {1-0 Kovchan,A-Averjanov,A/
Tula 2001/EXT 2002 (30)}) 19. Bf1 $5 {too passive, in my opinion.} ({White
should go for the most principal} 19. Bxf4 exf4 20. Qxf4 Ne5 (20... Bg5 21.
Qxd6 (21. Qd4+ Qf6 22. Rc2 Rhe8 23. Qxf6+ Kxf6 $14) 21... Bxc1 22. Nxc1 $14 {
[%cal Gb2b4]}) 21. Qd2 {black has some compensation, thanks to his
dark-squared bishop. But the question if it is enough? My feeling is that
white's chances here are preferable.}) 19... Bg5 {[%cal Yg5c1,Gd7f6,Gf6h5]
preventing from white to play c4-c5, and, at the same time, strengthening the
knight on f4.} 20. Na1 $2 $146 {[%cal Yb2b4,Yc4c5,Ga1b3] It is really too slow.
Black needs only 2-3 tempos to make his initiative on the kingside really
dangerous. This move was played for the first time. In the preceding game
white continued} (20. Rc3 Rh5 21. Qc1 Nf6 22. Kh1 Bh6 23. Qd2 Kh7 24. Rc2 Rf5
25. Bd3 Rg5 26. Bxf4 exf4 27. h3 Re5 28. Nd4 Nh5 $36 {0-1 Feygin,M-Sadler,M/
Netherlands 2000/CBM 76 ext (36)}) (20. Qf2 $5 {[%cal Gc4c5] comes to
consideration.}) 20... Nf6 21. b4 N6h5 22. c5 Ng3 $1 {Now black is threatening
with the transfer of the knight to f5.} 23. c6 $4 {Serious mistake, which
allows black to get decisive advantage.} (23. hxg3 $4 hxg3 24. Bc4 Rh5 $40 {
with decisive attack.}) ({Better was} 23. Bd3 $13) 23... h3 $2 {missing much
more attractive option. Black tries to win the game with direct attack.} ({
Simple} 23... Nf5 $1 {was stronger} 24. Bb6 (24. cxb7 Rxc1 25. Rxc1 Nh3+ $19)
24... Nh3+ $1 {This move was overlooked by me...} 25. gxh3 Bxd2 26. Bxd8 Bxc1
$17 {/-+}) 24. hxg3 ({White doesn't lose after} 24. Bc4 {as well:} hxg2 25.
hxg3 Rh1+ 26. Kf2 g1=Q+ 27. Rxg1 Rh2+ 28. Ke1 Rxd2 29. gxf4 Rb2 30. Rxg5 $13)
24... h2+ 25. Kh1 Nh5 {[%tqu "En","How would you defend white's position?","",
"","d2e1","",10]} 26. Qe1 $1 {[%mdl 256]} (26. Kxh2 {loses on the spot:} Bxe3
27. Qxe3 Nxg3+ 28. Kg1 Rh1+ 29. Kf2 Qh4 30. Rc4 e4 $1 $19) 26... Bxe3 {[%tqu
"En","And what would you play in this position?","","","g3g4","",10]} 27. g4 $1
{[%mdl 256] This move was overlooked by my opponent.} ({In case of} 27. Rc2 {
black has a resource of} Bf4 $1 28. gxf4 exf4 29. cxb7 Rxc2 30. Nxc2 Ng3+ 31.
Qxg3 fxg3 32. Bxa6 Qd7 33. Nd4 Qa4 $19) 27... Bxc1 28. gxh5 Bb2 29. Nb3 $5 {
[%mdl 1040] intending to trap black's dark-squared bishop.} ({Deserves
attention:} 29. cxb7 Rc7 30. Bxa6 Bc3 31. Qe3 $13) 29... b5 $2 {After this
move white gets a very strong pawn c6.} ({Better was} 29... bxc6 30. Bxa6 (30.
Qd2 Ba3 $3 31. Ra1 Qe7 $1 (31... Bxb4 32. Qxb4 Rb8 33. Qc4 $13 {probably with
preferable chances for white.}) 32. Rxa3 Qa7 33. Kxh2 Rxh5+ 34. Kg3 Qg1 $19)
30... cxd5 $1 31. Bxc8 Qxc8 32. Rxd5 Qc4 (32... Rxh5 33. Qd1 $13) 33. Qd1 $13)
30. Qd2 Bd4 (30... Ba3 {is already refuted by} 31. Ra1 Qe7 32. g4 $1 $16 (32.
Rxa3 Qa7 $19) 32... Qa7 33. Bg2 gxh5 34. g5 $16 {[%cal Gh1h2] with following
Kxh2.}) 31. Nxd4 exd4 32. hxg6 $1 {is much stronger than} (32. Qxd4+ Qf6 {
and black, probably, isn't worse.}) 32... fxg6 33. Qxd4+ $16 {White has bishop
and very strong pawn c6 for the rook. It should be noted, that black's pawn h2
is doomed, as well as black's rooks are very passive. Therefore, white's
chances are clearly better.} Kf7 34. Bd3 {transfering the bishop to e4.} (34.
Qa7+ {isn't so strong, as it seems, in view of} Qe7 35. Qxa6 Rb8 {[%csl Ra6]
and white's queen without moves.}) 34... Re8 35. Be4 ({Again} 35. Qa7+ {
isn't good.} Qe7 36. Qxa6 Rb8) 35... Qf6 36. Qb6 Rb8 37. Qa7+ Qe7 38. Qe3 Qf6
39. Rc1 Re7 40. Qh6 {threatening with Qh7+. By the way, last five moves were
played in time trouble...} Qg7 41. Qh3 $1 {[%cal Yh3c8,Gh3e6,Gc6c7] The best
move.} (41. Qf4+ Qf6 42. Bxg6+ $4 Kxg6 43. Qg4+ Qg5 44. c7 Rc8 $19) ({After} 
41. Qxg7+ Kxg7 42. Kxh2 $16 {white is better, but black keeps some chances.})
41... Rh8 42. Qg4 Qh6 $1 {The only move.} 43. Rc2 Qg7 44. Rc1 Qh6 45. Re1 $1 {
[%cal Ge4g6] strengthening the Be4, thus preparing f3-f4.} g5 {Black tries to
prevent white's f4-f5. But, on the other hand he allows white to transfer the
light-squared bishop to diagonal h3-c8. But it is really difficult task to
advice black something reasonable...} (45... Kg7 {doesn't change anything:} 46.
Qg3 Re5 47. f4 Ree8 (47... Re7 48. Qc3+ Kh7 49. Bxg6+) 48. c7 $1 Qh5 (48... Rc8
49. Qc3+ Kh7 50. Bxg6+ $1 Qxg6 51. Qh3+ $18) 49. Bf3 Rxe1+ 50. Qxe1 Qf5 51.
Qe7+ Kh6 52. g4 Qxf4 53. Qh4+ Kg7 54. Qxh8+ $18) 46. Rc1 $1 Rc7 47. Bf5 $18 {
Now white absolutely dominates the board, in opposite to black's pieces, which
are absolutely paralized.} Qh4 48. Bd7 {forcing black to change the queens. In
this way white gets absolutely winning endgame. The rest is a matter of an
easy technique.} Qxg4 49. Bxg4 Ke7 (49... Re8 {is met by} 50. Bh5+ $18) 50.
Re1+ Kd8 51. Re6 Rf7 (51... Re7 52. Rxe7 Kxe7 53. c7 $18) 52. Rxd6+ Kc7 53. Rg6
Rf4 54. Rg7+ Kd6 55. Rd7+ Ke5 56. c7 Rc4 (56... Rxb4 57. Bh3 Rc4 58. d6 $18) {
Black's activity is neutralized easily:} 57. Bh3 Rh6 58. Kxh2 g4 59. fxg4 Rd6
60. Rf7 Kxd5 61. g5 Rdc6 62. g6 (62. g6 Rxc7 63. g7 $18) 1-0